| 000 | 00971nam a2200253 a 4500 | ||
|---|---|---|---|
| 001 | 000007602 | ||
| 003 | DO-SdBNP | ||
| 005 | 20251020111326.0 | ||
| 008 | 090909s1999 dr a 000 0 spa d | ||
| 040 |
_aDO-SdBNP _bspa _cBNPHU |
||
| 082 | 4 |
_a658.4 _bH557e _222 |
|
| 100 | 1 |
_aHernández, Alejandro (Villón), _d1930- _921076 |
|
| 245 | 1 | 3 |
_aEl éxito de una empresa : _bun testimonio simple administración y seguimiento tenaz / _cAlejandro Hernández ; cuidado de edición Miriam I. Veliz. |
| 260 |
_aSanto Domingo, : _bEditora Taller, _c1999. |
||
| 300 |
_a240 p. : _bil. ; _c23 cm. |
||
| 500 | _aIncluye datos biográficos del autor en la solapa y en las solapas | ||
| 650 | 4 |
_aÉxito en los negocios _97710 |
|
| 650 | 0 |
_aAdministración industrial _95872 |
|
| 650 | 0 |
_aOrganización industrial _91580 |
|
| 650 | 0 |
_aMercadotecnia _96644 |
|
| 650 | 0 |
_aAptitud creadora en los negocios _911334 |
|
| 700 | 1 |
_aVeliz, Miriam I., _ecuidado ed. _921077 |
|
| 942 |
_2ddc _cLBS1 |
||
| 999 |
_c7382 _d7382 |
||